| 000 | 00593nam a2200193Ia 4500 | ||
|---|---|---|---|
| 003 | OSt | ||
| 005 | 20260211111403.0 | ||
| 020 | _a978-1-4557-7005-2 | ||
| 040 | _cLC | ||
| 050 | _aQP 34.5 .H 35 2016 | ||
| 100 | _aHALL, JOHN E | ||
| 245 | 0 | _aGUYTON & HALL TEXTBOOK OF MEDICAL PHYSIOLOGY | |
| 250 | _aSECOND SOUTH ASIA EDITION | ||
| 260 |
_aNEW DELHI, _bELSEVIER RELX INDIA PVT. LTD, _c2016, |
||
| 300 | _aXiX, 927 P, ILL | ||
| 500 | _aBIBLIOGRAPHICAL REFERENCES AND INDEX | ||
| 650 | _aHuman physiology-Textbooks Medical physiology, Physiology-Study and teaching | ||
| 942 |
_cBK _2lcc |
||
| 999 |
_c193216 _d193216 |
||